000
00325nam a2200133Ia 4500
008
151213s9999 xx 000 0 und d
100
_a
Laurence Durrell
245
_a
CLEA
_c
Laurence Durrell
260
_a
New York
_b
Pocket Books
_c
1960
300
_a
4608 p.
650
_a
English
700
_a
Laurence Durrell
999
_c
2966
_d
2966